000
00287nam a22001337a 4500
008
170130b xxu||||| |||| 00| 0 eng d
020
_a
9780073374918
041
_a
eng
080
_2
5TH
_a
61
100
_a
3
101
_a
SHMI
245
_a
MEDICAL INSURANCE
_c
VALERIUS
942
_2
udc
_c
BK
999
_c
4022
_d
4022